00551 2200169 4500001002100000008004100021035002000062245010700082100001600189260007000205300002100275020002200296084001600318082001000334650002300344990001400367INLIS000000000000242 ind  a0010-0625000034 aKIMIA untuk SMA/MA Kelas XcBudi Utami; Agung Nugroho CS; Lina Mahardiani; Sri Yamtinah; Bakti Mulyani aUtami, Budi aJakarta :bPusat Perbukuan, Departemen Pendidikan Nasional,c2009 a250 hlm.c25 cm. a978-979-068-180-4 a540.7 UTA k a540.7 aPendidikan - Kimia a000000265